ბათუმის შოთა რუსთაველის სახელმწიფო უნივერსიტეტის ბიბლიოთეკა

Aging : concepts and controversies / (ბიბ.ჩანაწერი № 51251)

000 -LEADER
fixed length control field 00707nam a2200241Ia 4500
001 - CONTROL NUMBER
control field 18211
003 - CONTROL NUMBER IDENTIFIER
control field GE_BSU
005 - DATE AND TIME OF LATEST TRANSACTION
control field 20250130154917.0
008 - FIXED-LENGTH DATA ELEMENTS--GENERAL INFORMATION
fixed length control field 181216s2014||||enk|||||||||||||| ||eng||
020 ## - INTERNATIONAL STANDARD BOOK NUMBER
International Standard Book Number 9781452275888x
040 ## - CATALOGING SOURCE
Transcribing agency GE_BSU
041 ## - LANGUAGE CODE
Language code of text/sound track or separate title eng
080 ## - UNIVERSAL DECIMAL CLASSIFICATION NUMBER
Universal Decimal Classification number 613 M-83
100 ## - MAIN ENTRY--PERSONAL NAME
Personal name Moody, Harry R.
9 (RLIN) 24197
245 ## - TITLE STATEMENT
Title Aging : concepts and controversies /
Statement of responsibility, etc. Harry R. Moody and Jennifer R. Sasser.
250 ## - EDITION STATEMENT
Edition statement 8th edition.
264 ## - PRODUCTION, PUBLICATION, DISTRIBUTION, MANUFACTURE, AND COPYRIGHT NOTICE
Place of production, publication, distribution, manufacture Los Angeles ; London :
Name of producer, publisher, distributor, manufacturer SAGE,
Date of production, publication, distribution, manufacture, or copyright notice 2014.
300 ## - PHYSICAL DESCRIPTION
Extent 565 p;
Other physical details ill;
Dimensions 24 cm.
653 ## - INDEX TERM--UNCONTROLLED
keyword Aging : concepts and controversies
653 ## - INDEX TERM--UNCONTROLLED
keyword მედიცინა
700 ## - ADDED ENTRY--PERSONAL NAME
Personal name Jennifer R. Sasser.
Relator term ავტორი
9 (RLIN) 24198
942 ## - ADDED ENTRY ELEMENTS (KOHA)
Koha item type წიგნი
Source of classification or shelving scheme
ეგზემპლარები
Withdrawn status Lost status Source of classification or shelving scheme Damaged status Not for loan Permanent Location Current Location Shelving location Date acquired Cost, normal purchase price Full call number Barcode Date last seen Copy number Price effective from Koha item type Public note
          ბათუმის შოთა რუსთაველის სახელმწიფო უნივერსიტეტის მთავარი ბიბლიოთეკა ბათუმის შოთა რუსთაველის სახელმწიფო უნივერსიტეტის მთავარი ბიბლიოთეკა წიგნსაცავი 2018-12-17 272.00 613 M-83 46415 2018-12-17 46415 2018-12-17 წიგნი 272 ლ.